Music Quiz

Random Music or Song Quiz

Clothing Songs Quiz Stats

 Plays Quiz Updated Apr 27, 2016

Also try: Title Not in Song
Challenge
Share
Tweet
Embed
Score 0/25 Timer 04:00
1 Play Today
% Correct
Hood
91.6%
Bikini
91.3%
Boots
91%
Ring
90.5%
Shoes
90.5%
Dress
77.1%
Berets
76.6%
Clothes
74.7%
Leather
72.7%
Shorts
71.3%
Blue Jeans
67.8%
Pants
67.5%
Hat
64.4%
% Correct
Bell Bottom
62.9%
Sunglasses
54.3%
Sweatshirt
53.9%
Gladrags
51.3%
Overcoat
49.9%
Glasses
49.9%
Sneakers
46.3%
Stockings
37.8%
High Heels
36.1%
Shoelaces
22.7%
Raincoat
22.1%
Shirt
13.9%

You're not logged in!

Compare scores with friends on all Sporcle quizzes.
Join for Free
OR
Log In

You Might Also Like...

Show Comments

Extras

Top Quizzes Today


Score Distribution

Your Account Isn't Verified!

In order to create a playlist on Sporcle, you need to verify the email address you used during registration. Go to your Sporcle Settings to finish the process.

Report this User

Report this user for behavior that violates our Community Guidelines.

Details: